[Event "Reunion op"]
[Site "St Denis"]
[Date "2022.10.13"]
[Round "8"]
[White "Mezouaghi, Miloud"]
[Black "Lutard, Florian"]
[Result "1/2-1/2"]
[WhiteElo "1987"]
[BlackElo "2045"]
[PlyCount "160"]
[EventDate "2022.10.13"]
[EventType "swiss"]
[EventRounds "9"]
[EventCountry "RUF"]
[SourceTitle "EXT 2024"]
[Source "ChessBase"]
[SourceDate "2023.10.10"]
[SourceVersion "1"]
[SourceVersionDate "2023.10.10"]
[SourceQuality "1"]

1. c4 e5 2. g3 Nf6 3. Bg2 d5 4. cxd5 Nxd5 5. Nc3 Nb6 6. Nf3 Nc6 7. d3 Be7 8. 0-0 0-0 9. Be3 Be6 10. Ne4 Nd5 11. Bc5 f6 12. Rc1 b6 13. Qa4 Nd4 14. Bxd4 exd4 15. Nxd4 Bf7 16. Nc6 Qd7 17. Nxe7+ Qxe7 18. Rfe1 Rad8 19. a3 c5 20. Nc3 Kh8 21. Nxd5 Bxd5 22. Bxd5 Rxd5 23. Qc6 Rfd8 24. b4 cxb4 25. axb4 h6 26. Qc3 Qe6 27. Qc7 Qh3 28. Rc4 R8d7 29. Qc8+ Kh7 30. Rh4 Qe6 31. Kf1 a5 32. bxa5 bxa5 33. Qc4 f5 34. e4 Re5 35. Qxe6 Rxe6 36. exf5 Rxe1+ 37. Kxe1 Rxd3 38. Ra4 Rd5 39. g4 h5 40. f3 Kh6 41. h4 g5 42. fxg6 Kxg6 43. Kf2 Rd2+ 44. Kg3 Rd5 45. Rc4 Rd6 46. Kf4 Ra6 47. Ra4 Rf6+ 48. Ke4 Ra6 49. g5 Ra8 50. f4 Re8+ 51. Kf3 Ra8 52. Rc4 a4 53. Rc6+ Kf7 54. f5 a3 55. Rc7+ Kg8 56. Rc1 a2 57. Ra1 Ra4 58. Ke3 Kf8 59. Kd3 Kg8 60. Kc3 Kf8 61. Kb3 Rxh4 62. Rxa2 Rg4 63. g6 Rf4 64. Ra8+ Kg7 65. Ra7+ Kg8 66. Ra6 Rxf5 67. Kc3 Kg7 68. Kd3 Re5 69. Rd6 h4 70. Rd4 Rh5 71. Rg4 Rh6 72. Rg5 h3 73. Rg1 h2 74. Rh1 Kxg6 75. Ke3 Kg5 76. Kf3 Rh3+ 77. Kg2 Kg4 78. Rxh2 Ra3 79. Rh8 Ra2+ 80. Kf1 Ra1+ 1/2-1/2

[Event "FRA-ch Blitz Online Qual"]
[Site "Europe Echecs INT"]
[Date "2020.05.16"]
[Round "11"]
[White "Duvert, Francois"]
[Black "Mezouaghi, Miloud"]
[Result "1-0"]
[WhiteElo "1729"]
[BlackElo "1999"]
[PlyCount "71"]
[EventDate "2020.05.16"]
[EventType "swiss (blitz)"]
[EventRounds "15"]
[EventCountry "FRA"]
[SourceTitle "CBM 196 Extra"]
[Source "ChessBase"]
[SourceDate "2020.07.31"]
[SourceVersion "1"]
[SourceVersionDate "2020.07.31"]
[SourceQuality "1"]

1. d4 Nf6 2. Bf4 d6 3. e3 g6 4. Nc3 Bg7 5. h4 h5 6. Nf3 Nbd7 7. Bd3 c5 8. 0-0 b6 9. d5 Bb7 10. Re1 a5 11. e4 Ng4 12. Bb5 0-0 13. e5 Ndxe5 14. Nxe5 Nxe5 15. Qd2 Ba6 16. Bxa6 Rxa6 17. Bh6 Qd7 18. Re4 Ng4 19. Bxg7 Kxg7 20. Rae1 Re8 21. a4 Ra7 22. Nb5 Rb7 23. Qc3+ Nf6 24. Rf4 Kg8 25. Rxf6 exf6 26. Rxe8+ Qxe8 27. Nxd6 Qe7 28. Nxb7 Qxb7 29. Qxf6 Qxd5 30. Qxb6 Qd1+ 31. Kh2 Qxc2 32. Qxa5 Qxf2 33. Qd8+ Kg7 34. Qg5 Qxb2 35. Qxc5 Qa3 36. Qxa3 1-0

[Event "FRA-ch Blitz Online Qual"]
[Site "Europe Echecs INT"]
[Date "2020.05.16"]
[Round "2"]
[White "Mezouaghi, Miloud"]
[Black "Lagarde, Maxime"]
[Result "0-1"]
[WhiteElo "1999"]
[BlackElo "2655"]
[PlyCount "82"]
[EventDate "2020.05.16"]
[EventType "swiss (blitz)"]
[EventRounds "15"]
[EventCountry "FRA"]
[SourceTitle "CBM 196 Extra"]
[Source "ChessBase"]
[SourceDate "2020.07.31"]
[SourceVersion "1"]
[SourceVersionDate "2020.07.31"]
[SourceQuality "1"]

1. c4 g6 2. Nf3 Bg7 3. g3 Nf6 4. Bg2 0-0 5. 0-0 d6 6. Nc3 Nc6 7. d3 e5 8. Rb1 h6 9. b4 Be6 10. b5 Ne7 11. a4 Nd7 12. a5 f5 13. Bb2 Nc5 14. Nd2 a6 15. bxa6 Rxa6 16. Nb3 Nxb3 17. Qxb3 Rxa5 18. Qxb7 e4 19. Nb5 Bxb2 20. Rxb2 c6 21. Nd4 Bc8 22. Qb6 c5 23. Qxd8 Rxd8 24. Nb5 Be6 25. Nc7 Bf7 26. dxe4 Bxc4 27. exf5 Nxf5 28. Nd5 Nd4 29. Re1 Rb5 30. Rxb5 Bxb5 31. e3 Ne6 32. Rb1 Bd3 33. Rb7 g5 34. Nf6+ Kh8 35. e4 Ng7 36. f3 c4 37. Nd5 Rc8 38. Bh3 Rf8 39. Kg2 h5 40. Bd7 g4 41. fxg4 Bxe4+ 0-1

[Event "Europe Echecs online op April"]
[Site "Europe Echecs INT"]
[Date "2020.04.11"]
[Round "7"]
[White "Mezouaghi, Miloud"]
[Black "Bonneville, Thaymour"]
[Result "0-1"]
[WhiteElo "1999"]
[BlackElo "2012"]
[PlyCount "66"]
[EventDate "2020.04.11"]
[EventType "swiss (blitz)"]
[EventRounds "11"]
[EventCountry "FRA"]
[SourceTitle "EXT 2021"]
[Source "ChessBase"]
[SourceDate "2020.10.23"]
[SourceVersion "1"]
[SourceVersionDate "2020.10.23"]
[SourceQuality "1"]

1. c4 f5 2. Nc3 e5 3. Nf3 e4 4. Nd4 g6 5. d3 exd3 6. e3 Bg7 7. Bxd3 Nf6 8. 0-0 0-0 9. Qc2 Na6 10. a3 Nc5 11. Be2 d6 12. b4 Nce4 13. Nxe4 Nxe4 14. Bb2 Qe7 15. Rfe1 Bd7 16. Bf1 Rae8 17. Rac1 Bh6 18. Bd3 Nxf2 19. Kxf2 Bxe3+ 20. Kf1 Qh4 21. Nf3 Qf4 22. Rcd1 g5 23. c5 d5 24. Bc4 c6 25. Qc3 Qxc4+ 26. Qxc4 dxc4 27. Rxd7 Rf7 28. Rxf7 Kxf7 29. Nxg5+ Bxg5 30. Rxe8 Kxe8 31. Ke2 Kf7 32. g3 Ke6 33. Bc3 Bf6 0-1

[Event "Europe Echecs online op April"]
[Site "Europe Echecs INT"]
[Date "2020.04.11"]
[Round "9"]
[White "Mezouaghi, Miloud"]
[Black "Lafont, Matthieu"]
[Result "1-0"]
[WhiteElo "1999"]
[BlackElo "1657"]
[PlyCount "69"]
[EventDate "2020.04.11"]
[EventType "swiss (blitz)"]
[EventRounds "11"]
[EventCountry "FRA"]
[SourceTitle "EXT 2021"]
[Source "ChessBase"]
[SourceDate "2020.10.23"]
[SourceVersion "1"]
[SourceVersionDate "2020.10.23"]
[SourceQuality "1"]

1. e4 c5 2. Nf3 Nc6 3. d4 cxd4 4. Nxd4 Nf6 5. Nc3 d6 6. Be2 e5 7. Ndb5 a6 8. Na3 h6 9. Nc4 Be6 10. Be3 b5 11. Nb6 Rb8 12. Nbd5 Bxd5 13. Nxd5 Nxd5 14. Qxd5 Ne7 15. Qd2 Ng6 16. 0-0 Be7 17. c3 0-0 18. a4 Qc7 19. axb5 axb5 20. Ra7 Rb7 21. Rfa1 Rfb8 22. Bxb5 Bg5 23. Rxb7 Qxb7 24. Bxg5 Qxb5 25. Be3 Qxb2 26. Qxb2 Rxb2 27. Rd1 Nf4 28. Bxf4 exf4 29. f3 Rc2 30. Rxd6 Rxc3 31. Rd2 Kh7 32. Kf2 Kg6 33. Ke2 h5 34. Ra2 Kf6 35. Kd2 1-0

[Event "Reunion op 21st"]
[Site "St Denis"]
[Date "2019.10.20"]
[Round "5"]
[White "Fondrat, Johan"]
[Black "Mezouaghi, Miloud"]
[Result "0-1"]
[WhiteElo "1541"]
[BlackElo "2001"]
[PlyCount "77"]
[EventDate "2019.10.20"]
[EventType "swiss"]
[EventRounds "9"]
[EventCountry "RUF"]
[SourceTitle "CBM 192 Extra"]
[Source "Chessbase"]
[SourceDate "2019.11.06"]
[SourceVersion "1"]
[SourceVersionDate "2019.11.06"]
[SourceQuality "1"]

1. e4 c5 2. c3 d6 3. d4 Nf6 4. Bd3 cxd4 5. cxd4 g6 6. Nf3 Bg7 7. Nc3 Nc6 8. 0-0 0-0 9. Re1 Bg4 10. Be3 e5 11. dxe5 dxe5 12. Be2 Qxd1 13. Raxd1 Rfd8 14. h3 Bxf3 15. Bxf3 b6 16. Rxd8+ Rxd8 17. Rd1 Rxd1+ 18. Bxd1 Kf8 19. Kf1 h6 20. f3 Ke7 21. Ba4 Na5 22. Bb5 Kd6 23. b4 Nc6 24. Bxc6 Kxc6 25. b5+ Kd6 26. g4 Nd7 27. Na4 Ke6 28. Ke2 f5 29. Kd3 Bf8 30. Kc4 fxg4 31. fxg4 Nf6 32. Kd3 g5 33. Nc3 Bb4 34. Ne2 Be7 35. Ng1 Nd7 36. Bf2 Nf8 37. Nf3 Bb4 38. Bg3 Nd7 39. Nd2 0-1

[Event "Reunion op 21st"]
[Site "St Denis"]
[Date "2019.10.20"]
[Round "3"]
[White "Gimenez Martinez, Alberto"]
[Black "Mezouaghi, Miloud"]
[Result "1/2-1/2"]
[WhiteElo "2225"]
[BlackElo "2001"]
[PlyCount "98"]
[EventDate "2019.10.20"]
[EventType "swiss"]
[EventRounds "9"]
[EventCountry "RUF"]
[SourceTitle "CBM 192 Extra"]
[Source "Chessbase"]
[SourceDate "2019.11.06"]
[SourceVersion "1"]
[SourceVersionDate "2019.11.06"]
[SourceQuality "1"]

1. e4 c5 2. Nf3 d6 3. d4 cxd4 4. Nxd4 Nf6 5. Nc3 a6 6. Be3 e5 7. Nb3 Be6 8. f3 Nbd7 9. Qd2 h5 10. 0-0-0 b5 11. Qf2 Qc7 12. Kb1 Qc6 13. Qd2 Nb6 14. Na5 Qc7 15. Bxb6 Qxb6 16. Nd5 Bxd5 17. exd5 Rc8 18. c4 bxc4 19. Nxc4 Qb7 20. Qa5 Nd7 21. Qa4 Be7 22. Na5 Qb6 23. Bd3 Rc7 24. Bf5 Qb5 25. Qxb5 axb5 26. Bxd7+ Kxd7 27. Nc6 Bg5 28. Rd3 Re8 29. Rb3 Rb7 30. a4 b4 31. Kc2 e4 32. Rxb4 Rxb4 33. Nxb4 exf3 34. gxf3 Re2+ 35. Kb3 Bf6 36. Rb1 Kc7 37. a5 Kb7 38. Ka3 Rxh2 39. Nc6 Rd2 40. b4 Rxd5 41. b5 Rc5 42. Kb4 h4 43. Rh1 g5 44. Rd1 Bc3+ 45. Ka4 d5 46. Nd8+ Kc7 47. Nxf7 Rc4+ 48. Ka3 d4 49. Nxg5 Bxa5 1/2-1/2

[Event "Reunion op 20th"]
[Site "St Denis"]
[Date "2018.10.20"]
[Round "8"]
[White "Rebut, Paul"]
[Black "Mezouaghi, Miloud"]
[Result "1/2-1/2"]
[WhiteElo "1718"]
[BlackElo "2022"]
[PlyCount "83"]
[EventDate "2018.10.14"]
[EventType "swiss"]
[EventRounds "9"]
[EventCountry "RUF"]
[SourceTitle "CBM 187 Extra"]
[Source "ChessBase"]
[SourceDate "2018.11.04"]
[SourceVersion "1"]
[SourceVersionDate "2018.11.04"]
[SourceQuality "1"]

1. e4 c5 2. Nf3 d6 3. c3 Nf6 4. Be2 g6 5. Qc2 Qc7 6. Na3 a6 7. d4 cxd4 8. Nxd4 Bg7 9. Be3 Nbd7 10. f3 b5 11. Qd2 h5 12. c4 bxc4 13. Bxc4 Bb7 14. Rc1 Qb8 15. 0-0 0-0 16. Ne2 Rd8 17. Nf4 Nf8 18. Rfd1 e6 19. Bb3 d5 20. exd5 Nxd5 21. Nxd5 Bxd5 22. Nc4 Bxc4 23. Qxd8 Qxd8 24. Rxd8 Rxd8 25. Bxc4 a5 26. b3 Bd4 27. Kf2 Kg7 28. Bxd4+ Rxd4 29. Ke3 e5 30. Rc3 f5 31. Rd3 f4+ 32. Kd2 Rxd3+ 33. Kxd3 Kf6 34. Ke4 g5 35. a3 g4 36. b4 axb4 37. axb4 Nd7 38. Be2 gxf3 39. gxf3 Nb6 40. Bf1 Ke6 41. Bh3+ Kd6 42. Bf1 1/2-1/2

[Event "Reunion op 20th"]
[Site "St Denis"]
[Date "2018.10.16"]
[Round "4"]
[White "Denoyelle, Arnaud"]
[Black "Mezouaghi, Miloud"]
[Result "1-0"]
[WhiteElo "2229"]
[BlackElo "2022"]
[PlyCount "73"]
[EventDate "2018.10.14"]
[EventType "swiss"]
[EventRounds "9"]
[EventCountry "RUF"]
[SourceTitle "CBM 187 Extra"]
[Source "ChessBase"]
[SourceDate "2018.11.04"]
[SourceVersion "1"]
[SourceVersionDate "2018.11.04"]
[SourceQuality "1"]

1. d4 c5 2. c3 cxd4 3. cxd4 Nf6 4. Nc3 d5 5. Bg5 e6 6. e3 Nc6 7. Bd3 Be7 8. f4 h6 9. Bxf6 Bxf6 10. Nf3 Bd7 11. 0-0 a6 12. a3 Rc8 13. Kh1 g6 14. Ne5 Nxe5 15. fxe5 Bg5 16. Rf3 0-0 17. Qc2 Kg7 18. Raf1 Bb5 19. Bxb5 axb5 20. Qb3 Be7 21. Nxb5 Qb6 22. h4 f5 23. exf6+ Rxf6 24. Rxf6 Bxf6 25. h5 gxh5 26. a4 Qd8 27. Qd1 Kg6 28. Qd3+ Kg7 29. Qe2 Kg6 30. e4 Bg5 31. e5 Qe7 32. Nd6 Rf8 33. a5 Rxf1+ 34. Qxf1 Kg7 35. Qf3 Kg6 36. b4 Qc7 37. Qd3+ 1-0

[Event "Reunion op 20th"]
[Site "St Denis"]
[Date "2018.10.14"]
[Round "1"]
[White "Mezouaghi, Miloud"]
[Black "Padre, Maxime"]
[Result "1-0"]
[WhiteElo "2022"]
[BlackElo "1353"]
[PlyCount "61"]
[EventDate "2018.10.14"]
[EventType "swiss"]
[EventRounds "9"]
[EventCountry "RUF"]
[SourceTitle "CBM 187 Extra"]
[Source "ChessBase"]
[SourceDate "2018.11.04"]
[SourceVersion "1"]
[SourceVersionDate "2018.11.04"]
[SourceQuality "1"]

1. e4 c6 2. d4 d5 3. e5 Bf5 4. h4 h6 5. g4 Bh7 6. e6 fxe6 7. Bd3 Bxd3 8. Qxd3 Qc7 9. Qg6+ Kd7 10. Nf3 Kc8 11. Ne5 Nf6 12. Qf7 Nbd7 13. Ng6 Rg8 14. g5 Qb6 15. c3 c5 16. gxf6 Nxf6 17. Nxf8 cxd4 18. Qxe6+ Qxe6+ 19. Nxe6 dxc3 20. Nxc3 Kd7 21. Nc5+ Kc6 22. Nd3 Rge8 23. Ne5+ Kd6 24. Bf4 d4 25. 0-0-0 Rac8 26. Rxd4+ Ke6 27. Kb1 Nh5 28. Bh2 Rf8 29. Re1 Kf6 30. Nd5+ Kf5 31. Nxe7+ 1-0

[Event "Bordeaux Winter op 6th"]
[Site "Bordeaux"]
[Date "2018.01.07"]
[Round "6"]
[White "Join, Etienne"]
[Black "Mezouaghi, Miloud"]
[Result "1-0"]
[WhiteElo "1850"]
[BlackElo "2084"]
[PlyCount "146"]
[EventDate "2018.01.05"]
[EventType "swiss"]
[EventRounds "7"]
[EventCountry "FRA"]
[SourceTitle "EXT 2019"]
[Source "ChessBase"]
[SourceDate "2018.10.10"]
[SourceVersion "1"]
[SourceVersionDate "2018.10.10"]
[SourceQuality "1"]

1. d4 Nf6 2. Nf3 g6 3. Bf4 Bg7 4. h3 c5 5. e3 Qb6 6. Qc1 Nc6 7. c3 d6 8. Be2 Bd7 9. Nbd2 cxd4 10. exd4 h6 11. Nc4 Qc7 12. Bh2 b5 13. Ne3 a6 14. 0-0 0-0 15. d5 Na5 16. Nd4 Rfc8 17. Bf3 Rab8 18. Nec2 Qb6 19. Qe1 Kf8 20. Nb4 Rb7 21. Qe2 Be8 22. Rfe1 Rc4 23. Rad1 Rbc7 24. Rd3 Kg8 25. g4 Nb7 26. Nbc6 e5 27. dxe6 Bxc6 28. exf7+ Rxf7 29. Nxc6 Rxc6 30. Bxc6 Qxc6 31. Qe6 Qc4 32. Rd4 Qxe6 33. Rxe6 Nd7 34. Re8+ Rf8 35. Rxf8+ Bxf8 36. a4 bxa4 37. Rxa4 Nbc5 38. Rd4 Ne5 39. Bxe5 dxe5 40. Rd8 Kf7 41. Rc8 Nd3 42. Ra8 Nxb2 43. Rxa6 Nd3 44. Ra7+ Ke6 45. Ra6+ Bd6 46. c4 e4 47. Kf1 Ke5 48. h4 g5 49. h5 Bf8 50. Ra5+ Kd4 51. Rf5 Be7 52. Rf7 Bc5 53. Rh7 Ne5 54. Rxh6 Nxg4 55. Rg6 Nh2+ 56. Ke2 Nf3 57. h6 Kxc4 58. h7 Bd4 59. Rg8 Bf6 60. h8Q Bxh8 61. Rxh8 Kd4 62. Rd8+ Ke5 63. Ke3 Kf5 64. Rf8+ Kg4 65. Kxe4 Nd2+ 66. Ke3 Nc4+ 67. Ke2 Ne5 68. Ra8 Ng6 69. Ra4+ Nf4+ 70. Ke3 Kf5 71. Ra5+ Kg4 72. f3+ Kh4 73. Ke4 Nh3 1-0

[Event "Reunion op 19th"]
[Site "St Denis"]
[Date "2017.10.20"]
[Round "6"]
[White "Goorsahye, Antoine"]
[Black "Mezouaghi, Miloud"]
[Result "1-0"]
[WhiteElo "1750"]
[BlackElo "2102"]
[PlyCount "96"]
[EventDate "2017.10.16"]
[EventType "swiss"]
[EventRounds "7"]
[EventCountry "RUF"]
[SourceTitle "CBM 181 Extra"]
[Source "ChessBase"]
[SourceDate "2017.12.12"]
[SourceVersion "1"]
[SourceVersionDate "2017.12.12"]
[SourceQuality "1"]

1. e4 g6 2. g3 Bg7 3. Bg2 d6 4. Ne2 h5 5. h3 Nf6 6. d3 c5 7. c3 Nc6 8. Be3 Rb8 9. 0-0 Qb6 10. Qd2 Qa6 11. d4 cxd4 12. cxd4 Na5 13. b3 Nxb3 14. axb3 Qxa1 15. Nbc3 Qa5 16. e5 dxe5 17. dxe5 Nh7 18. f4 0-0 19. Qb2 Be6 20. Nd4 Qa6 21. Ndb5 b6 22. Ra1 Qc8 23. Nxa7 Qd7 24. Nc6 Bxh3 25. Be4 h4 26. f5 gxf5 27. Ra7 Qe8 28. Nxe7+ Kh8 29. Bc6 Qd8 30. Rd7 Qxd7 31. Bxd7 Bxe5 32. Bf4 Bg7 33. Bxf5 Rb7 34. Bxh3 Rxe7 35. Qd2 Rfe8 36. Kf2 hxg3+ 37. Kxg3 Nf6 38. Bg4 Rg8 39. Qh2+ Nh7 40. Nd5 Rb7 41. Kf3 Bd4 42. Bf5 f6 43. Nc7 Rg7 44. Ne6 Rgd7 45. Nf8 Rf7 46. Ng6+ Kg8 47. Be6 Ng5+ 48. Kg4 Kg7 1-0

[Event "Reunion op 19th"]
[Site "St Denis"]
[Date "2017.10.19"]
[Round "5"]
[White "Mezouaghi, Miloud"]
[Black "Testud, Philippe"]
[Result "0-1"]
[WhiteElo "2102"]
[BlackElo "2167"]
[PlyCount "58"]
[EventDate "2017.10.16"]
[EventType "swiss"]
[EventRounds "7"]
[EventCountry "RUF"]
[SourceTitle "CBM 181 Extra"]
[Source "ChessBase"]
[SourceDate "2017.12.12"]
[SourceVersion "1"]
[SourceVersionDate "2017.12.12"]
[SourceQuality "1"]

1. e4 c6 2. Nc3 d5 3. Nf3 Nf6 4. e5 Ne4 5. d4 Nxc3 6. bxc3 c5 7. Bd3 c4 8. Be2 e6 9. Ng5 Be7 10. f4 h6 11. Nf3 Qa5 12. Bd2 Nc6 13. a4 Bd7 14. Qb1 Kd8 15. Qb2 Kc7 16. 0-0 a6 17. Rfb1 Rhb8 18. Qc1 Na7 19. Qf1 Nc8 20. f5 exf5 21. Bxc4 dxc4 22. Qxc4+ Bc6 23. Qxf7 Qd5 24. Qxg7 Qe6 25. Nh4 Nb6 26. Nxf5 Rg8 27. d5 Rxg7 28. dxe6 Rxg2+ 29. Kf1 Rf8 0-1

[Event "Reunion op 19th"]
[Site "St Denis"]
[Date "2017.10.17"]
[Round "2"]
[White "Ringayen, Rose May"]
[Black "Mezouaghi, Miloud"]
[Result "0-1"]
[WhiteElo "1622"]
[BlackElo "2102"]
[PlyCount "74"]
[EventDate "2017.10.16"]
[EventType "swiss"]
[EventRounds "7"]
[EventCountry "RUF"]
[SourceTitle "CBM 181 Extra"]
[Source "ChessBase"]
[SourceDate "2017.12.12"]
[SourceVersion "1"]
[SourceVersionDate "2017.12.12"]
[SourceQuality "1"]

1. e4 c5 2. Nc3 Nc6 3. f4 g6 4. Bc4 Bg7 5. Nf3 e6 6. 0-0 Nge7 7. d3 d6 8. Ne2 d5 9. Bb3 b5 10. a4 b4 11. Ng3 Ba6 12. Re1 0-0 13. f5 c4 14. dxc4 dxe4 15. Qxd8 Rfxd8 16. Rxe4 Nxf5 17. Nxf5 gxf5 18. Re1 Na5 19. Ne5 Rac8 20. Bf4 Nxc4 21. Bxc4 Bxc4 22. Rad1 Bd5 23. Rc1 Be4 24. c4 bxc3 25. Rxc3 Rxc3 26. bxc3 Kf8 27. Rc1 f6 28. Nf3 e5 29. Be3 a6 30. Nd2 Bc6 31. a5 f4 32. Bc5+ Kf7 33. Nb3 Bf8 34. Bb6 Rd3 35. Rc2 Ba4 36. Rb2 Rxc3 37. Nd2 Bc6 0-1

[Event "Reunion op 19th"]
[Site "St Denis"]
[Date "2017.10.16"]
[Round "1"]
[White "Mezouaghi, Miloud"]
[Black "Poignart, Francois Xavier"]
[Result "1-0"]
[WhiteElo "2102"]
[BlackElo "1337"]
[PlyCount "59"]
[EventDate "2017.10.16"]
[EventType "swiss"]
[EventRounds "7"]
[EventCountry "RUF"]
[SourceTitle "CBM 181 Extra"]
[Source "ChessBase"]
[SourceDate "2017.12.12"]
[SourceVersion "1"]
[SourceVersionDate "2017.12.12"]
[SourceQuality "1"]

1. e4 c5 2. Nf3 g6 3. d4 cxd4 4. Nxd4 Bg7 5. Nc3 Nc6 6. Nb3 Nf6 7. Be2 0-0 8. 0-0 d6 9. f4 Qb6+ 10. Kh1 a5 11. a4 Be6 12. Nd5 Bxd5 13. exd5 Nb4 14. Bf3 Rfc8 15. c3 Na6 16. Re1 Kf8 17. Be3 Qc7 18. g4 Nc5 19. Bd4 Qd7 20. g5 Ne8 21. Bg4 e6 22. Nxc5 Rxc5 23. Bxc5 dxc5 24. dxe6 Qc6+ 25. Bf3 Qc7 26. exf7 Qxf7 27. Qd5 Qxf4 28. Qxc5+ Kg8 29. Bd5+ Kh8 30. Rf1 1-0

[Event "Reunion op 18th"]
[Site "St Denis"]
[Date "2016.10.13"]
[Round "5"]
[White "Calmels, Nicolas"]
[Black "Mezouaghi, Miloud"]
[Result "0-1"]
[WhiteElo "1863"]
[BlackElo "2057"]
[PlyCount "125"]
[EventDate "2016.10.10"]
[EventType "swiss"]
[EventRounds "7"]
[EventCountry "RUF"]
[SourceTitle "CBM 175 Extra"]
[Source "ChessBase"]
[SourceDate "2016.12.12"]
[SourceVersion "1"]
[SourceVersionDate "2016.12.12"]
[SourceQuality "1"]

1. d4 Nf6 2. c4 g6 3. Nc3 Bg7 4. e4 d6 5. Be2 0-0 6. Be3 Na6 7. g4 c5 8. d5 Nc7 9. g5 Nd7 10. Qd2 a6 11. f4 b5 12. h4 bxc4 13. h5 Re8 14. hxg6 hxg6 15. Bxc4 Nf8 16. e5 Bf5 17. e6 Rb8 18. 0-0-0 Nb5 19. Nxb5 axb5 20. Bd3 Bxd3 21. Qxd3 Qa5 22. Rd2 Qxa2 23. Kd1 Bxb2 24. Qc2 Qa1+ 25. Ke2 Bc3 26. Rd3 Qe1+ 27. Kf3 Qf1+ 28. Kg3 Be1+ 29. Kh2 b4 30. Ne2 Qf3 31. Rxe1 b3 32. Qb1 c4 33. Nd4 Qxd5 34. Rc3 Ra8 35. f5 Ra2+ 36. Re2 Rxe2+ 37. Nxe2 gxf5 38. Nf4 Qe5 39. Rxc4 Qxe3 40. Qxf5 Nxe6 41. g6 fxg6 42. Qxg6+ Ng7 43. Re4 Qf3 44. Ne6 Qh5+ 45. Qxh5 Nxh5 46. Rb4 Kf7 47. Nd4 e5 48. Ne2 Rh8 49. Kg2 Rc8 50. Rxb3 Rc2 51. Kf3 Ke6 52. Re3 Rc4 53. Ra3 d5 54. Ra6+ Kf5 55. Rh6 Kg5 56. Rd6 Nf6 57. Ke3 Ra4 58. Re6 Ra3+ 59. Kd2 Kf5 60. Rb6 Ra2+ 61. Ke1 Ne4 62. Kf1 d4 63. Rb4 0-1

[Event "Reunion op 18th"]
[Site "St Denis"]
[Date "2016.10.11"]
[Round "2"]
[White "Mezouaghi, Miloud"]
[Black "Herrero, Alain"]
[Result "1-0"]
[WhiteElo "2057"]
[BlackElo "1658"]
[PlyCount "131"]
[EventDate "2016.10.10"]
[EventType "swiss"]
[EventRounds "7"]
[EventCountry "RUF"]
[SourceTitle "CBM 175 Extra"]
[Source "ChessBase"]
[SourceDate "2016.12.12"]
[SourceVersion "1"]
[SourceVersionDate "2016.12.12"]
[SourceQuality "1"]

1. e4 c5 2. Nf3 Nc6 3. d4 cxd4 4. Nxd4 g6 5. c4 Nf6 6. Nc3 d6 7. Be2 Nxd4 8. Qxd4 Bg7 9. Be3 0-0 10. Qd2 Qa5 11. 0-0 Be6 12. f3 Rfc8 13. b3 a6 14. Rac1 b5 15. Nd5 Qxd2 16. Bxd2 Nxd5 17. cxd5 Bd7 18. Rxc8+ Rxc8 19. Rc1 h5 20. Rxc8+ Bxc8 21. Kf2 Kf8 22. Ke3 f5 23. Bd3 fxe4 24. Bxe4 Kf7 25. Kd3 Bb2 26. Bc3 Bxc3 27. Kxc3 a5 28. a3 g5 29. Bd3 Bd7 30. Kd4 Kf6 31. Bc2 e5+ 32. dxe6 Kxe6 33. Bg6 h4 34. Bc2 Bc6 35. Be4 Bxe4 36. Kxe4 d5+ 37. Kd4 Kd6 38. b4 axb4 39. axb4 Ke6 40. g3 h3 41. Kc5 Ke5 42. Kxb5 Kd4 43. Kc6 Kc4 44. b5 d4 45. b6 d3 46. b7 d2 47. b8Q d1Q 48. Qb5+ Kc3 49. Qc5+ Kd2 50. Qd4+ Ke2 51. Qxd1+ Kxd1 52. f4 gxf4 53. gxf4 Ke2 54. f5 Kf2 55. f6 Kg2 56. f7 Kxh2 57. f8Q Kg1 58. Qg7+ Kh1 59. Qa1+ Kg2 60. Qb2+ Kg1 61. Qc1+ Kh2 62. Qf1 Kg3 63. Qh1 h2 64. Kd5 Kh3 65. Ke4 Kg3 66. Ke3 1-0

[Event "Reunion op 17th"]
[Site "St Denis"]
[Date "2015.10.10"]
[Round "9"]
[White "Gretry, Patrice"]
[Black "Mezouaghi, Miloud"]
[Result "1/2-1/2"]
[WhiteElo "1997"]
[BlackElo "2074"]
[PlyCount "126"]
[EventDate "2015.10.10"]
[EventType "swiss"]
[EventRounds "9"]
[EventCountry "RUF"]
[SourceTitle "CBM 168 Extra"]
[Source "ChessBase"]
[SourceDate "2015.10.29"]
[SourceVersion "1"]
[SourceVersionDate "2015.10.29"]
[SourceQuality "1"]

1. e4 g6 2. d4 Bg7 3. Nf3 c6 4. Nc3 d5 5. e5 f6 6. exf6 exf6 7. Bd3 Ne7 8. 0-0 0-0 9. Re1 Bf5 10. Ne2 Bxd3 11. Qxd3 Na6 12. Bd2 Re8 13. Nf4 Nc7 14. Ba5 b6 15. Bb4 Qd7 16. Bxe7 Rxe7 17. Rxe7 Qxe7 18. Re1 Qd6 19. g3 Re8 20. Rxe8+ Nxe8 21. Qa6 Qd7 22. Qe2 Kf7 23. Kg2 Bh6 24. Nd3 Qe6 25. Qxe6+ Kxe6 26. Nfe1 a5 27. f4 Bf8 28. Kf3 c5 29. dxc5 bxc5 30. b3 c4 31. Nb2 Ba3 32. Na4 Kd6 33. c3 cxb3 34. axb3 Nc7 35. Ke3 Bc1+ 36. Kd3 g5 37. fxg5 fxg5 38. h3 h5 39. Nf3 Ne6 40. b4 axb4 41. cxb4 Ba3 42. Nc5 Nxc5+ 43. bxc5+ Bxc5 44. Nxg5 Bf2 45. Ne4+ dxe4+ 46. Kxe4 Bxg3 47. Kf3 Be1 48. h4 Bxh4 49. Kg2 Ke5 50. Kf3 Be1 51. Kg2 Kf4 52. Kh1 Kf3 53. Kg1 Bf2+ 54. Kh1 Ke2 55. Kg2 Ke1 56. Kh2 Kf1 57. Kh1 Bd4 58. Kh2 Kf2 59. Kh1 h4 60. Kh2 Kf3 61. Kh1 Be5 62. Kg1 h3 63. Kh1 Kf2 1/2-1/2

[Event "Reunion op 17th"]
[Site "St Denis"]
[Date "2015.10.10"]
[Round "6"]
[White "Mezouaghi, Miloud"]
[Black "Payet, Jean Claude"]
[Result "1-0"]
[WhiteElo "2074"]
[BlackElo "1872"]
[PlyCount "66"]
[EventDate "2015.10.10"]
[EventType "swiss"]
[EventRounds "9"]
[EventCountry "RUF"]
[SourceTitle "CBM 168 Extra"]
[Source "ChessBase"]
[SourceDate "2015.10.29"]
[SourceVersion "1"]
[SourceVersionDate "2015.10.29"]
[SourceQuality "1"]

1. Nf3 Nf6 2. g3 g6 3. Bg2 Bg7 4. c4 Nc6 5. Nc3 0-0 6. 0-0 e5 7. d3 d6 8. Rb1 a5 9. a3 h6 10. b4 axb4 11. axb4 Be6 12. b5 Ne7 13. e4 Qd7 14. Re1 Bh3 15. Bh1 Ng4 16. Nd2 f5 17. f3 Nf6 18. Qb3 Kh7 19. Nd1 f4 20. Nf2 Be6 21. gxf4 exf4 22. d4 Nh5 23. Bb2 g5 24. Bg2 Ng6 25. d5 Bf7 26. Bh3 Qd8 27. Ng4 Nf6 28. Nf2 h5 29. Bf5 Kh6 30. Kh1 Re8 31. Rg1 Ne5 32. Nh3 Nfd7 33. Nxg5 Bg8 1-0